पतिव्रता (Record no. 298543)

MARC details
000 -LEADER
fixed length control field 00476nam a2200169Ia 4500
008 - FIXED-LENGTH DATA ELEMENTS--GENERAL INFORMATION
fixed length control field 090711s9999 xx 000 0 und d
082 ## - DEWEY DECIMAL CLASSIFICATION NUMBER
Item number 40875
100 ## - MAIN ENTRY--PERSONAL NAME
Personal name वर्टी अनंत वा.
245 ## - TITLE STATEMENT
Title पतिव्रता
260 ## - PUBLICATION, DISTRIBUTION, ETC. (IMPRINT)
Date of publication, distribution, etc 1979
300 ## - PHYSICAL DESCRIPTION
Extent 148
600 ## - SUBJECT ADDED ENTRY--PERSONAL NAME
Personal name वर्टी अनंत वा.
630 ## - SUBJECT ADDED ENTRY--UNIFORM TITLE
Uniform title पतिव्रता
700 ## - ADDED ENTRY--PERSONAL NAME
Personal name वर्टी अनंत वा.
730 ## - ADDED ENTRY--UNIFORM TITLE
Uniform title पतिव्रता
942 ## - ADDED ENTRY ELEMENTS (KOHA)
Koha item type Book
Holdings
Withdrawn status Lost status Damaged status Not for loan Home library Current library Date acquired Cost, normal purchase price Total Checkouts Full call number Barcode Date last seen Cost, replacement price Price effective from Koha item type
        Dadar Sarvajanik Vachanalaya, Dardar Dadar Sarvajanik Vachanalaya, Dardar 07/11/2009 15.00   40875 DASAVA-40875 07/11/2009 15.00 07/11/2009 Book